[Event "Sada Coruna op"]
[Site "Sada"]
[Date "2022.09.09"]
[Round "7"]
[White "Pena Torres, Jose Carlos"]
[Black "Alonso Rodriguez, Tristan"]
[Result "1-0"]
[WhiteElo "2061"]
[BlackElo "1843"]
[PlyCount "61"]
[EventDate "2022.09.04"]
[EventType "swiss"]
[EventRounds "9"]
[EventCountry "ESP"]
[SourceTitle "CBM 210 Extra"]
[Source "ChessBase"]
[SourceDate "2022.11.30"]
[SourceVersion "1"]
[SourceVersionDate "2022.11.30"]
[SourceQuality "1"]

1. c4 e5 2. Nc3 Nf6 3. g3 Bb4 4. Bg2 c6 5. Nf3 Qc7 6. 0-0 0-0 7. a3 Bxc3 8. bxc3 d5 9. cxd5 cxd5 10. Rb1 Nc6 11. d3 h6 12. Qb3 b6 13. c4 Be6 14. cxd5 Bxd5 15. Qc3 Qb7 16. e4 Be6 17. Nxe5 Rac8 18. Nxc6 Rxc6 19. Qa1 Rd8 20. d4 Bc4 21. Rd1 Re6 22. f3 Qa6 23. d5 Re7 24. Bxh6 Be2 25. Rd2 Kh7 26. Bg5 Kg6 27. h4 Rc7 28. Qe5 Rdc8 29. Qf5+ Kh5 30. Bf4+ g5 31. Qxg5# 1-0

[Event "Sada Coruna op"]
[Site "Sada"]
[Date "2022.09.05"]
[Round "3"]
[White "Perdomo Araujo, Angel Eduardo"]
[Black "Alonso Rodriguez, Tristan"]
[Result "1-0"]
[WhiteElo "2066"]
[BlackElo "1843"]
[PlyCount "155"]
[EventDate "2022.09.04"]
[EventType "swiss"]
[EventRounds "9"]
[EventCountry "ESP"]
[SourceTitle "CBM 210 Extra"]
[Source "ChessBase"]
[SourceDate "2022.11.30"]
[SourceVersion "1"]
[SourceVersionDate "2022.11.30"]
[SourceQuality "1"]

1. e4 c5 2. Nf3 e6 3. d4 cxd4 4. Nxd4 Nf6 5. Bd3 Nc6 6. Nxc6 bxc6 7. c4 e5 8. Nc3 Bc5 9. 0-0 0-0 10. Bg5 d6 11. Kh1 h6 12. Bh4 g5 13. Bg3 Be6 14. Qe2 a5 15. Rac1 a4 16. Bc2 a3 17. b3 Bd4 18. Qd3 Qa5 19. Ne2 Bc5 20. Qf3 Kg7 21. Qd3 Qc7 22. Nc3 Nh5 23. Na4 Bb4 24. Bd1 Nxg3+ 25. hxg3 Qe7 26. Qe3 g4 27. c5 Rac8 28. cxd6 Qxd6 29. Nc5 Rce8 30. Nxe6+ Qxe6 31. Qb6 Rb8 32. Qxc6 Qxc6 33. Rxc6 h5 34. Be2 Rfd8 35. Rc2 Rd4 36. f3 Rbd8 37. Rfc1 gxf3 38. gxf3 Rd2 39. Kg1 Rxc2 40. Rxc2 Rd2 41. Rxd2 Bxd2 42. Kf2 Kf6 43. Bc4 Ke7 44. Ke2 Bb4 45. Bd5 f6 46. Bc6 Bc5 47. Bb5 Bb4 48. Bc4 Kf8 49. Be6 Ke7 50. Bf5 Kf7 51. f4 exf4 52. gxf4 Ke7 53. e5 fxe5 54. fxe5 Bc3 55. e6 Kd6 56. Kd3 Bf6 57. Kc4 Be7 58. b4 Kc6 59. Bh3 h4 60. Bg4 Bf8 61. Kb3 Kb5 62. Be2+ Kc6 63. Kxa3 h3 64. Ka4 Kd6 65. Kb5 h2 66. Bf3 Kxe6 67. a4 Kd7 68. Ka5 Kc7 69. b5 Kb8 70. b6 Bc5 71. Kb5 Be3 72. a5 Bd4 73. a6 Be3 74. a7+ Kc8 75. a8Q+ Kd7 76. Qc6+ Kd8 77. Qd6+ Kc8 78. b7# 1-0